| 000 | 00629nam a22002537a 4500 | ||
|---|---|---|---|
| 999 |
_c313584 _d313584 |
||
| 001 | 27240 | ||
| 003 | UA-OsUOA | ||
| 005 | 20200322172118.0 | ||
| 007 | ta | ||
| 008 | 20040621b un ||||| |||| 00| 0 ukr d | ||
| 020 | _a5947230941 | ||
| 040 |
_aUA-OsUOA _brus _cUA-OsUOA _dUA-OsUOA |
||
| 041 | _arus | ||
| 044 | _aRU | ||
| 080 | _a658 | ||
| 090 |
_a658 _bФ27 |
||
| 100 | _aФатхутдинов Р. А. | ||
| 245 |
_aИнновационный менеджмент _bучебник |
||
| 260 |
_aСПб. _bПитер _c2004 |
||
| 300 |
_a400 с. _bІлюстрації |
||
| 650 | 7 | _2UDC | |
| 942 |
_cBK _2udc |
||
| 955 | _a0 | ||